00000000nam 2200000zi 4500
0019.946651
003CaOODSP
00520250303103444
006m     o  d f      
007cr |n|||||||||
008250108s1949    oncad   ob   f000 0 eng d
040 |aCaOODSP|beng|erda|cCaOODSP
043 |an-cn-ab
0861 |aA52-206/1949E-PDF
0861 |zA51-138E-PDF
1001 |aHargrave, H. J., |eauthor.
24510|aDominion Range Experiment Station, Manyberries, Alberta : |bprogress report, 1937-1947 / |cH. J. Hargrave.
264 1|aOttawa : |bMinister of Agriculture, |c[1949]
300 |a1 online resource (64 pages) : |billustrations, charts
336 |atext|btxt|2rdacontent
337 |acomputer|bc|2rdamedia
338 |aonline resource|bcr|2rdacarrier
500 |aDigitized edition from print [provided by Agriculture and Agri-Food Canada].
504 |aIncludes bibliographical references (page 64).
61025|bDominion Range Experiment Station (Manyberries, Alta.)
61025|bDominion Range Experiment Station (Manyberries, Alb.)
650 0|aAgricultural experiment stations|zAlberta|zManyberries.
650 6|aStations agronomiques|zAlberta|zManyberries.
7102 |bDominion Range Experiment Station (Manyberries, Alta.), |eissuing body.
7101 |aCanada. |bExperimental Farms Service, |eissuing body.
85640|qPDF|s19.10 MB|uhttps://publications.gc.ca/collections/collection_2025/aac-aafc/A51-138-1947-eng.pdf